| 000 | 00362nam a22001217a 4500 | ||
|---|---|---|---|
| 008 | 230330b |||||||| |||| 00| 0 eng d | ||
| 050 | _aB785.S85 C129. | ||
| 100 |
_aCarrarens,J. Gomez. _952283 |
||
| 245 |
_aSuarez as philosopher, _cJ.Gomez Caffarena sj. |
||
| 260 |
_aMadrid: _bChamartin school of philosophy. _c1948 |
||
| 300 |
_a34p; _c29cm. |
||
| 942 |
_2lcc _cSPC |
||
| 999 |
_c131721 _d131721 |
||